Comets and shooting stars / (Record no. 9791)
[ view plain ]
| 000 -LEADER | |
|---|---|
| fixed length control field | 00680nam a22002413 4500 |
| 001 - CONTROL NUMBER | |
| control field | 9791 |
| 003 - CONTROL NUMBER IDENTIFIER | |
| rucl marc code | BD-RjUL |
| 005 - DATE AND TIME OF LATEST TRANSACTION | |
| control field | 20211208234834.0 |
| 008 - FIXED-LENGTH DATA ELEMENTS--GENERAL INFORMATION | |
| fixed length control field | 931015s1910 enk 000 0 |
| 035 ## - SYSTEM CONTROL NUMBER | |
| System control number | (BD-RjUL)9836 |
| -- | CD-0000045748 |
| 040 ## - CATALOGING SOURCE | |
| Original cataloging agency | BD-RjUL |
| Language of cataloging | eng |
| Transcribing agency | BD-RjUL |
| Modifying agency | BD-RjUL |
| 041 ## - LANGUAGE CODE | |
| Language code of text/sound track or separate title | eng |
| 082 00 - DEWEY DECIMAL CLASSIFICATION NUMBER | |
| Classification number | 520 |
| Author mark and year | BAC 1910 |
| 100 1# - MAIN ENTRY--PERSONAL NAME | |
| Personal name | Ball, Robert Stawell, |
| 9 (RLIN) | 30275 |
| 245 10 - TITLE STATEMENT | |
| Title | Comets and shooting stars / |
| Statement of responsibility, etc. | Robert Stawell Ball. |
| 250 ## - EDITION STATEMENT | |
| Edition statement | 2nd ed. |
| 260 ## - PUBLICATION, DISTRIBUTION, ETC. (IMPRINT) | |
| Place of publication, distribution, etc. | London : |
| Date of publication, distribution, etc. | 1910. |
| Name of publisher, distributor, etc. | Cassell, |
| 300 ## - PHYSICAL DESCRIPTION | |
| Size | vi, 88 p. : |
| Pagination | ills. ; |
| Illustrations | 18 cm. |
| 500 ## - GENERAL NOTE | |
| General note | Repr. from The story of the heavens |
| 504 ## - BIBLIOGRAPHY, ETC. NOTE | |
| Bibliography, etc | Includes index. |
| 690 00 - LOCAL SUBJECT ADDED ENTRY--TOPICAL TERM (OCLC, RLIN) | |
| Topical term or geographic name as entry element | Astronomy. |
| 942 ## - ADDED ENTRY ELEMENTS (KOHA) | |
| Source of classification or shelving scheme | Dewey Decimal Classification |
| Koha item type | Books |
| Lost status | Source of classification or shelving scheme | Damaged status | Not for loan | Collection code | Permanent Location | Current Location | Shelving location | Date acquired | Total Checkouts | Full call number | Date last seen | Copy number | Koha item type |
|---|---|---|---|---|---|---|---|---|---|---|---|---|---|
| Dewey Decimal Classification | Not For Loan | Non-fiction | Central Library, University of Rajshahi | Central Library, University of Rajshahi | Reading Room | 21/01/2014 | 520 BAC 1910 | 21/01/2014 | C-1 | Books |